A B C de la radiación /

Guardado en:
Autor Corporativo: Instituto venezolano de investigaciones científicas.
Formato: Libro
Idioma:Spanish
Publicado: Brookhaven : Instituto venezolano de investigaciones científicas, 1959.
Etiquetas: Agregar Etiqueta
Sin Etiquetas, Sea el primero en etiquetar este registro!
LEADER 00549nam a22001455a 4500
001 EUN.um025277
003 AR-BaUNS
005 20050623122903.0
008 041125s1959####xx#a##########000#0#spa#d
245 1 0 |a A B C de la radiación /  |c Instituto venezolano de investigaciones científicas. 
260 |a Brookhaven :  |b Instituto venezolano de investigaciones científicas,  |c 1959. 
300 |a 26 p. :  |b ilus. ;  |c 15,5 cm. 
082 0 4 |a 539.7 
110 2 |a Instituto venezolano de investigaciones científicas. 
859 |a Ar-BaUNS  |b BIB. CENTRAL - Sector C  |h 539.7  |i In2  |p 63665/972